000 00228nam a2200085Ia 4500
008 170620s9999 xx 000 0 und d
100 _aMohanty- Jagannath
245 0 _aDynamics of Teacher Education
260 _bNew Delhi- Neelkamal Pvt. Ltd.
260 _c2010
999 _c25390
_d25390